SpongeBob Characters Quiz Stats

 Plays Quiz Updated Oct 6, 2017

Score 0/23 Timer 06:00
4 Plays Today
Description Character % Correct
Yellow spongeSpongeBob SquarePants
99.2%
Pink starfishPatrick Star
96.8%
SquirrelSandy Cheeks
95.9%
Chum Bucket ownerSheldon J. Plankton
91.8%
Krusty Krab ownerMr. Krabs
91.2%
Pet snailGary
91%
Octopus/Squid neighborSquidward Q. Tentacles
90.4%
Boating School teacherMrs. Puff
85.1%
Lobster lifeguardLarry Lobster
81%
White sperm whalePearl
80.5%
SuperheroMermaid Man
77.8%
Sidekick to superheroBarnacle Boy
73.3%
Description Character % Correct
King of the oceanKing Neptune
64%
Nagging computer wifeKaren
58.3%
Evil bubbleDirty Bubble
54%
Pirate ghostThe Flying Dutchman
53%
Evil rayMan Ray
49.3%
Wealthy arch-rival squidSquilliam Fancyson
46.9%
School bullyFlatts
33.3%
Obese fish and rivalBubble Bass
23.4%
My Leg GuyFred
18.1%
News reporterPerch Perkins
16.7%
Bikini Bottom's doctorDr. Gill Gilliam
9.4%

You're not logged in!

Compare scores with friends on all Sporcle quizzes.
OR
Log In

Sporcle TV

Today on Sporcle TV


Watch our educational content, quiz creation guides, and fun videos on Sporcle TV.

Show Comments

Extras

Top Quizzes Today


Score Distribution

Your Account Isn't Verified!

In order to create a playlist on Sporcle, you need to verify the email address you used during registration. Go to your Sporcle Settings to finish the process.

Report this User

Report this user for behavior that violates our Community Guidelines.

Details: